El TLC y el desarrollo de Costa Rica /

Збережено в:
Бібліографічні деталі
Автор: Trejos Zúñiga, Alberto
Формат: Текст
Предмети:
Теги: Додати тег
Немає тегів, Будьте першим, хто поставить тег для цього запису!

MARC

LEADER 00000 a a2200000 04500
001 16891
003
040
100 |a Trejos Zúñiga, Alberto  
245 |a El TLC y el desarrollo de Costa Rica /  |c Alberto Trejos Zúñiga 
650 |a DESARROLLO ECONOMICO  
650 |a EXPORTACIONES  
650 |a EMPRESAS  
650 |a AGRICULTURA  
650 |a TLC  
650 |a CR  
773 |g volumen 15, número 2; páginas 181-198  
999 |c 32326  |d 32326